000 00249nam a22001217a 4500
003 SGT
082 _a629.8,BHA
100 _aBHANOT SUREKHA
245 _aPROCESS CONTROL
260 _bOXFORD PUBLISHARS
_c2010
300 _a452
942 _2ddc
_cRARE
999 _c34767
_d34767